Estatísticas para Estados do Brasil por Área

Clique aqui para jogar o quiz

Estatísticas Gerais

  • Esse quiz foi jogado 50 vezes
  • A pontuação média é 19 de 27

Estatísticas das Respostas

PosiçãoRespostaÁrea% Correto
1Amazonas1.559.167 m²
100%
2Pará1.245.870 m²
96%
5Bahia564 760 m²
94%
3Mato Grosso903 207 m²
94%
4Minas Gerais586 521 m²
94%
6Mato Grosso do Sul357 145 m²
91%
7Goiás340 203 m²
87%
8Maranhão329 642 m²
81%
9Rio Grande do Sul281 707 m²
77%
12São Paulo248.219 m²
77%
10Tocantins277 466 m²
77%
15Paraná199.298 m²
68%
11Piauí251 756 m²
66%
27Distrito Federal5.760 m²
64%
23Espirito Santo46.074 m²
64%
26Sergipe21.925 m²
64%
25Alagoas27.848 m²
62%
17Ceará148.894 m²
62%
24Rio de Janeiro43.750 m²
62%
14Roraima223.644 m²
62%
20Santa Catarina95.730 m²
62%
16Acre164.123 m²
60%
13Rondônia237.765 m²
60%
21Paraíba56.467 m²
57%
19Pernambuco98.067 m²
57%
18Amapá142.470 m²
55%
22Rio Grande do Norte52.809 m²
53%

Distribuição das Pontuações

Percentil de Números Respondidos

Porcentagem de Pessoas com Cada Pontuação

Sua Pontuação Histórica

Você não jogou esse quiz